Szczegóły MARC21

Gloria von Jaxtberg oder die Prinzessin vom Pfandlhof /

003 -Nazwa inst., której nr kontr. jest w polu 001 [,]
    • @
    • Nazwa instytucji, której n kontrolny jest w polu 001
    • NUKAT
005 -DATA I CZAS OSTATNIEJ MODYFIKACJI [,]
    • @
    • pole kontrolne
    • 20241231111837.0
020 -Międzynarod. znormalizowany nr książki - ISBN [ , ]
    • a
    • Numer ISBN
    • 3522432592 Find
    • q
    • Dopowiedzenie
    • Gesamtausgabe
020 -Międzynarod. znormalizowany nr książki - ISBN [ , ]
    • a
    • Numer ISBN
    • 3522432576 Find
    • q
    • Dopowiedzenie
    • Band 19
020 -Międzynarod. znormalizowany nr książki - ISBN [ , ]
    • a
    • Numer ISBN
    • 3522432541 Find
    • q
    • Dopowiedzenie
    • Band 16
020 -Międzynarod. znormalizowany nr książki - ISBN [ , ]
    • a
    • Numer ISBN
    • 352243255X Find
    • q
    • Dopowiedzenie
    • Band 17
020 -Międzynarod. znormalizowany nr książki - ISBN [ , ]
    • a
    • Numer ISBN
    • 3522432568 Find
    • q
    • Dopowiedzenie
    • Band 18
020 -Międzynarod. znormalizowany nr książki - ISBN [ , ]
    • a
    • Numer ISBN
    • 3522432584 Find
    • q
    • Dopowiedzenie
    • Band 20
040 -Instytucja sporządzająca opis [ , ]
    • a
    • Instytucja, która sporządziła opis (NP)
    • SZCZ U/ML
    • b
    • Język katalogowania
    • pol
    • e
    • Zasady katalogowania
    • rda
    • c
    • Instytucja, która sporządziła rekord (NP)
    • SZCZ U/MLs
044 -Kraj miejsca wydania [ , ]
    • a
    • Kraj miejsca wydania
    • Niemcy
    • a
    • Kraj miejsca wydania
    • Austria
    • a
    • Kraj miejsca wydania
    • Szwajcaria
942 -Rodzaj dokumentu [ , ]
    • c
    • Rodzaj dokumentu
    • Książka
100 -Hasło główne - nazwa osobowa [1, ]
    • a
    • Nazwa osobowa (NP)
    • Herfurtner, Rudolf
    • d
    • Daty biograficzne (NP)
    • (1947- ).
    • e
    • Rodzaj współpracy
    • Autor
    • 9
    • KHW
    • 493849
245 -Strefa tytułu i oznaczenia odpowiedzialności [1,0]
    • a
    • Tytuł
    • Gloria von Jaxtberg oder die Prinzessin vom Pfandlhof / Find
    • c
    • Pozostałe elementy strefy tytułu i oznaczenia odpowiedzialności (NP)
    • Rudolf Herfurtner ; Bilder von Reinhard Michl.
260 -Strefa adresu wydawniczego [ , ]
    • a
    • Miejsce wydania (P)
    • Stuttgart ;
    • a
    • Miejsce wydania (P)
    • Wien ;
    • a
    • Miejsce wydania (P)
    • Bern :
    • b
    • Nazwa wydawcy (P)
    • Thienemann,
    • c
    • Data wydania (P)
    • 1997.
300 -Strefa opisu fizycznego [ , ]
    • a
    • Określenie formy książki i/lub objętość (NP)
    • [24] strony :
    • b
    • Oznaczenie ilustracji (NP)
    • ilustracje kolorowe ;
    • c
    • Format (NP)
    • 31 cm.
336 -Typ zawartości [ , ]
    • a
    • Termin opisujący typ zawartości
    • Tekst
    • b
    • Kod określający zawartość
    • txt
    • 2
    • Źródło (terminu i kodu)
    • rdacontent
337 -Typ mediów [ , ]
    • a
    • Tryb odtwarzania
    • Bez urządzenia pośredniczącego
    • b
    • Kod typu mediów
    • n
    • 2
    • Źródło (terminu i kodu)
    • rdamedia
338 -Typ/rodzaj nośnika [ , ]
    • a
    • Hasło opisujące typ nośnika
    • Wolumin
    • b
    • Kod typu nośnika
    • nc
    • 2
    • Źródło (terminu i kodu)
    • rdacarrier
655 -Hasło w funkcji tematu formalnego [ ,7]
    • a
    • Hasło
    • Powieść niemiecka dla młodzieży
    • y
    • Określnik chronologiczny
    • 1990-.
    • 2
    • Źródło terminu
    • kaba
    • 9
    • KHW
    • 361139
700 -Hasło dodatkowe - nazwa osobowa [1, ]
    • a
    • Nazwa osobowa (NP)
    • Michl, Reinhard Find
    • d
    • Daty biograficzne (NP)
    • (1948- ).
    • e
    • Określenie rodzaju współpracy
    • Ilustracje
    • 9
    • KHW
    • 491714
710 -Hasło dodatkowe - nazwa ciała zbiorowego [2, ]
    • a
    • Nazwa ciała zbiorowego lub nazwa geograficzna jako pierwszy element (NP)
    • Thienemann Verlag.
    • e
    • Rodzaj współpracy
    • Wydawca
    • 4
    • Kod relacji
    • pbl
    • 9
    • KHW
    • 403422
920 -ISBN [ , ]
    • a
    • ISBN
    • 3-522-43259-2 Find
    • q
    • Dopowiedzenie
    • Gesamtausgabe
920 -ISBN [ , ]
    • a
    • ISBN
    • 3-522-43257-6 Find
    • q
    • Dopowiedzenie
    • Band 19
920 -ISBN [ , ]
    • a
    • ISBN
    • 3-522-43254-1 Find
    • q
    • Dopowiedzenie
    • Band 16
920 -ISBN [ , ]
    • a
    • ISBN
    • 3-522-43255-X Find
    • q
    • Dopowiedzenie
    • Band 17
920 -ISBN [ , ]
    • a
    • ISBN
    • 3-522-43256-8 Find
    • q
    • Dopowiedzenie
    • Band 18
920 -ISBN [ , ]
    • a
    • ISBN
    • 3-522-43258-4 Find
    • q
    • Dopowiedzenie
    • Band 20
Numer inwentarzowy Status udost. Data inwentaryzacji Lokalizacja Sygnatura
BC.12437-32019-03-14BMGerm. Literatura dla dzieci 37